000
00220nam a2200109Ia 4500
100
_a
#N/A
942
_c
BK
654
_a
image processing
245
_a
Digital Image Processing
260
_b
#N/A
_c
2001
546
_a
ENGLISH
999
_c
31391
_d
31391